| 000 | 00702cam a2200145 4500500 | ||
|---|---|---|---|
| 005 | 20260208005827.0 | ||
| 041 | _afre | ||
| 042 | _adc | ||
| 100 | 1 | 0 |
_aPety, Dominique _eauthor |
| 245 | 0 | 0 | _aArt and Literature of the Second Empire / Les Arts et la Littérature sous le Second Empire. Textes réunis et présentés par DAVID BAGULEY. University of Durham (Durham Modern Languages Series), 2003. Un vol. 14 × 20,5 de 182 p. |
| 260 | _c2005. | ||
| 500 | _a12 | ||
| 786 | 0 | _nRevue d'histoire littéraire de la France | 105 | 3 | 2005-06-01 | p. 655zk-764zk | 0035-2411 | |
| 856 | 4 | 1 | _uhttps://shs.cairn.info/revue-d-histoire-litteraire-de-la-france-2005-3-page-655zk?lang=fr&redirect-ssocas=7080 |
| 999 |
_c1653970 _d1653970 |
||